00747nam a2200181 a 450000500170000000800410001702000180005805000230007610000190009924501170011825000160023526000360025130000090028744000420029650000190033852001600035765000480051720140412111421.0080105s19uu xx 00 eng d a0-439-41659-0 aM 551.55bB45 2000 aBerger, Melvin aDo Tornadoes relly twist? :bQuestions and answers about tornadoes and Hurricanes /cby Melvin and Gilda Berger. a1st Edition aNew York :bScholastic,cc2000. a48p. aScholastic question and answer series aIncludes index aProvides answers to a variety of questions about tornadoes and Hurricanes, including " Where do most tornadoes strike," and " How long do hurricanes last?" aTornadoesxMiscellaneaxJuvenile literature